000 00719nam a2200229 a 4500
001 000038097
005 20240306073910.0
008 100901s2006 sp 000 j spa d
020 _a8489163839
040 _aDO-SdBNP
_bspa
_cBNPHU
082 _aCu863.2
_bM378e, 2006
100 1 _aMartí, José,
_d1853-1895
_9645
245 1 0 _aLa edad de oro /
_cJosé Martí.
250 _a4a. ed.
260 _aMadrid :
_bEdiciones M.J,
_c2006.
300 _a188 p. ;
_c23 cm.
490 1 _aClásicos universales;
_v47
650 4 _aCuentos infantiles cubano
_964482
650 4 _aLiteratura infantil cubana
_9647
830 0 _aClásicos universales.
_vEdición íntegra;
_n47
_964483
910 _aValidado. Control de calidad MFF
999 _c37587
_d37587